000 00228 a2200097 4500
001 38630
100 _aMinasi M
245 _aMastering Window NT server 4
260 _aNew Delhi
_bBPB Publication
_c1997
090 _c24498
_d24498
942 _aNUST-CAE
_cM
_c16111
999 _c273703
_d273703